U.S. National Parks - Sudden Death - Statistics

General Stats
  • This quiz has been taken 3,960 times
  • The average score is 17 of 45
Answers on the Grid
Answers color-coded by a green-red scale on the quiz's grid according to % correct below.
Acadia
Adirondack
Antelope Canyon
Arches
Banff
Big Bend
Biscayne
Bryce Canyon
Canyonlands
Channel Islands
Congaree
Crater Lake
Cuyahoga Valley
Cypress
Death Valley
Denali
Dry Tortugas
Everglades
Fundy
Glacier
Grand Canyon
Grand Rapids
Grand Teton
Great Basin
Great Salt Lake
Great Sand Dunes
Great Smoky Mountains
Haleakala
Hawaii Volcanoes
Hot Springs
Isle Royale
Jasper
Kenai Fjords
Key West
Kobuk Valley
Lake Champlain
Lake Clark
Mammoth Cave
Mesa Verde
Napa Valley
New River Gorge
Niagara Falls
North Cascades
Olympic
Pinnacles
Redwood
Rocky Mountain
Sequoia
Shenandoah
Theodore Roosevelt
Thousand Islands
Towers
Voyageurs
White Sands
Wind Cave
Wrangell-St. Elias
Yellowstone
Yosemite
Yucatan
Zion
 
Answer Stats
Answer % Correct
Acadia
75%
Grand Canyon
69%
Everglades
60%
Death Valley
58%
Yellowstone
58%
Denali
57%
Yosemite
57%
Arches
54%
Glacier
51%
Crater Lake
49%
Grand Teton
49%
Great Smoky Mountains
48%
Big Bend
47%
Zion
47%
Bryce Canyon
46%
Redwood
44%
Rocky Mountain
40%
Sequoia
40%
Mammoth Cave
38%
Olympic
37%
Canyonlands
36%
Dry Tortugas
36%
Great Sand Dunes
35%
Shenandoah
35%
Hawaii Volcanoes
34%
Hot Springs
33%
Channel Islands
32%
Cuyahoga Valley
32%
Isle Royale
32%
White Sands
31%
Congaree
29%
Mesa Verde
29%
Theodore Roosevelt
29%
Biscayne
28%
Great Basin
28%
Kenai Fjords
27%
North Cascades
27%
Pinnacles
26%
Haleakala
25%
New River Gorge
24%
Voyageurs
24%
Wind Cave
23%
Wrangell-St. Elias
23%
Kobuk Valley
20%
Lake Clark
17%
No matching quizzes found
Score Distribution
Percent of People with Each Score
Percentile by Number Answered
Your Score History
You have not taken this quiz